Sports Quiz

Random Sports Quiz

25 Famous Boxers Quiz Stats

 Plays Quiz Updated May 2, 2015

Challenge
Share
Tweet
Score 0/25 Timer 05:00
19 Plays Today
% Correct
Mike Tyson
99.5%
Floyd Mayweather, Jr.
86.9%
Muhammad Ali
76.6%
George Foreman
73.5%
Evander Holyfield
73.3%
Lennox Lewis
69.2%
Sugar Ray Leonard
65.6%
Manny Pacquiao
62.1%
Oscar De La Hoya
58.4%
Roy Jones, Jr.
44.2%
Joe Frazier
43.6%
Ricky Hatton
39.3%
Joe Louis
36.4%
% Correct
Sonny Liston
32.8%
Wladimir Klitschko
32.7%
Thomas Hearns
31.6%
Marvelous Marvin Hagler
31.5%
Sugar Ray Robinson
29.1%
David Haye
27.1%
Bernard Hopkins
26.8%
Prince Naseem Hamed
24.9%
Andre Ward
20.4%
Joe Calzaghe
20%
Érik Morales
12.4%
Kelly Pavlik
10.2%

You're not logged in!

Compare scores with friends on all Sporcle quizzes.
OR
Log In

You Might Also Like...

Show Comments

Extras

Top Quizzes Today


Score Distribution

Your Account Isn't Verified!

In order to create a playlist on Sporcle, you need to verify the email address you used during registration. Go to your Sporcle Settings to finish the process.

Report this User

Report this user for behavior that violates our Community Guidelines.

Details: